[Event "Bremen-ch"]
[Site "Bremen"]
[Date "2019.04.14"]
[Round "3.14"]
[White "Yavarpoor, Mohammad"]
[Black "Steinkraus Kueck, Hans Guenter"]
[Result "1-0"]
[WhiteElo "1834"]
[BlackElo "1715"]
[PlyCount "105"]
[EventDate "2019.04.13"]
[EventType "swiss"]
[EventRounds "9"]
[EventCountry "GER"]
[SourceTitle "EXT 2020"]
[Source "ChessBase"]
[SourceDate "2019.10.17"]
[SourceVersion "1"]
[SourceVersionDate "2019.10.17"]
[SourceQuality "1"]

1. e4 e6 2. d4 d5 3. e5 c5 4. c3 Nc6 5. Nf3 Be7 6. a3 Bd7 7. Be3 c4 8. Nbd2 g5 9. h3 Nh6 10. h4 Nf5 11. Bxg5 h6 12. Bxe7 Qxe7 13. g4 Ng7 14. Qe2 Na5 15. Bg2 a6 16. Qe3 Ba4 17. Rc1 0-0-0 18. Ke2 Kb8 19. Qf4 Rdg8 20. g5 h5 21. Bh3 Qc7 22. Rhe1 Ne8 23. Rg1 Rg6 24. Ne1 Rf8 25. Qf3 Ng7 26. Ng2 Nf5 27. Bxf5 exf5 28. Nf4 Rb6 29. Nxd5 Bc6 30. Nxc7 Bxf3+ 31. Kxf3 Rxb2 32. Nxa6+ Ka7 33. Nb4 Rxd2 34. Rc2 Nb3 35. Ke3 Rxc2 36. Nxc2 Kb6 37. Rd1 Kc7 38. Kf4 Rd8 39. Kxf5 Nc5 40. Ne3 Na4 41. Rc1 b5 42. Ng2 Ra8 43. Kf6 Nb6 44. Nf4 Rxa3 45. Kxf7 b4 46. e6 b3 47. e7 Nc8 48. g6 Nd6+ 49. Ke6 Ne8 50. Nd5+ Kc6 51. Nf6 Ra2 52. Nxe8 Re2+ 53. Kf7 1-0

[Event "Bremen-ch op"]
[Site "Bremen"]
[Date "2018.03.29"]
[Round "7"]
[White "Steinkraus Kueck, Hans Guenter"]
[Black "Meyer, Irmin"]
[Result "1/2-1/2"]
[WhiteElo "1548"]
[BlackElo "2030"]
[PlyCount "68"]
[EventDate "2018.03.24"]
[EventType "swiss"]
[EventRounds "9"]
[EventCountry "GER"]
[SourceTitle "EXT 2019"]
[Source "ChessBase"]
[SourceDate "2018.10.10"]
[SourceVersion "1"]
[SourceVersionDate "2018.10.10"]
[SourceQuality "1"]

1. e4 c6 2. Bc4 d5 3. Bb3 dxe4 4. Qh5 e6 5. Nc3 Nf6 6. Qh4 Nbd7 7. a3 g5 8. Qg3 h6 9. f3 Nc5 10. Ba2 Bd6 11. Qf2 exf3 12. gxf3 e5 13. b4 Ne6 14. Bb2 Nd4 15. 0-0-0 Be6 16. Re1 Qb6 17. Qf1 Bxa2 18. Nxa2 0-0-0 19. Qc4 Nd5 20. Nc3 Nxc3 21. Bxc3 Qc7 22. h4 Ne6 23. Nh3 gxh4 24. Nf2 Ng5 25. Rxh4 Kb8 26. Qg4 f6 27. f4 Nf7 28. Ne4 Rhg8 29. Qf5 exf4 30. Nxd6 Qxd6 31. Re6 Qd5 32. Qxf4+ Ka8 33. Qe3 Qg5 34. Qh3 Qd5 1/2-1/2